000
00376nam a2200133Ia 4500
003
GCL
008
140319s9999 xx 000 0 ara d
040
_a
GCL /
_c
GCL
082
0
4
_a
245
_b
م د
245
1
0
_a
دراسات نقدية فى مذاهب الفرق الكلامية
260
_a
[S.N] :
_b
دار الثقافة العربية ،
_c
1990
300
_a
378 ص
490
_a
999
_c
35589
_d
35589